01022nam0a22002411 4500001003100000005001700031035002600048100004100074101000800115102000700123105001800130200029700148210001300445215002500458620001700483686002100500686002500521700002100546712013800567801002700705801002300732852002500755RU\INFOCOMM_322\NLR\500024452320250613112649.0 a(NLR Aleph) 009615378 a20130319d1968 |||y0rusy50 ca0 aeng aRU ay z |||||1 aHygienic questions in planning residential areas in the USSR and tasks of sanitary controlfA. S. PerotskayagUSSR Min. of public health. Central inst. for advanced med. studies. - World health organisation. Inter-regional seminar on health and sanitation aspects of town planning in the USSR aM.d1968 a[1], 23 с.d20 см aМосква aМе2-1852rubbk aˆ[‰Р121.7]2rubbk 1aPerockajabA. S.02aWorld health organizationbInter-regional travelling seminar on health and sanitation aspects of town planning in the USSRf19684570 1aRUbInfocommc20130319 0aRUbINFOCOMMgPSBO aNLRjМд97 Д-4/142